Statistics for American East Coast Canada to Mexico

Click here to take the quiz!

General Stats

  • This quiz has been taken 9 times
  • The average score is 13 of 20

Answer Stats

Name Answer % Correct
MMaine
100%
N HNew Hampshire
100%
VVirginia
88%
R HRhode Island
88%
TTexas
75%
N YNew York
75%
N JNew Jersey
75%
DDelaware
75%
N CNorth Carolina
75%
LLouisiana
63%
MMassachusetts
63%
MMaryland
63%
S CSouth Carolina
63%
GGeorgia
63%
FFlorida
63%
AAlabama
63%
CanadaCanada
38%
MMississippi
38%
MexicoMexico
38%
CConnecticut
25%

Score Distribution

Percentile by Number Answered

Percent of People with Each Score

Your Score History

You have not taken this quiz